Program report for 1994 : International rice research institute

The report includes capsule summaries of research during 1994, plus discussions of the international programs that interconnect with the research programs.

Shranjeno v:
Bibliografske podrobnosti
Format: Knjiga
Jezik:Undetermined
Izdano: Los Banos, Philippines IRRI 1995
Teme:
Oznake: Označite
Brez oznak, prvi označite!
Thư viện lưu trữ: Trung tâm Học liệu Trường Đại học Cần Thơ
LEADER 00717nam a2200205Ia 4500
001 CTU_21814
008 210402s9999 xx 000 0 und d
082 |a 630.72 
082 |b P962 
245 0 |a Program report for 1994 : 
245 0 |b International rice research institute 
245 0 |c IRRI 
260 |a Los Banos, Philippines 
260 |b IRRI 
260 |c 1995 
520 |a The report includes capsule summaries of research during 1994, plus discussions of the international programs that interconnect with the research programs. 
650 |a Rice,Cây lúa,Tropical crops 
650 |x Research,Nghiên cứu 
904 |i Minh, 980120 
980 |a Trung tâm Học liệu Trường Đại học Cần Thơ